| 000 | 004380000a22001690004500 | ||
|---|---|---|---|
| 003 | MACL | ||
| 005 | 20151227151109.0 | ||
| 008 | 151227b xxu||||| |||| 00| 0 eng d | ||
| 040 |
_aMACL _cMACL |
||
| 041 | _aEnglish | ||
| 082 | _a028.534/WAL | ||
| 100 |
_aWalker, Ralph S _923385 |
||
| 245 | _aThe World of Arts and Pastimes | ||
| 260 |
_bThe Grolier Society Ltd _c1966 |
||
| 650 |
_aLibrary Science _957 |
||
| 942 |
_cBK _k028.534/WAL _2ddc |
||
| 999 |
_c35848 _d35848 |
||